| 000 | 00693nam a22002057a 4500 | ||
|---|---|---|---|
| 999 |
_c173275 _d173275 |
||
| 005 | 20200221120743.0 | ||
| 010 | _aENG-127933 | ||
| 020 |
_a9789353282592 _c495.00 |
||
| 035 | _aEN-111465 | ||
| 037 | _bDBAD/PUB | ||
| 082 | _a250 | ||
| 100 | _aKancha, Ilaiah, K. | ||
| 245 |
_a God as political philosopher : _cby Kancha Ilaiah Shepherd _bBuddha's challenge to Brahminism/ |
||
| 250 | _a2019 | ||
| 260 |
_aNew Delhi _bSage Publication India _c2019 |
||
| 270 |
_aB1/1-1 Mohan Cooperative Industrial Area Mathura Road _bNew Delhi _e110044 |
||
| 300 |
_aix;244p. _c22cm(hb) |
||
| 500 | _aincludes bibliographical references and index | ||
| 942 |
_2ddc _cEN _h250 _mSHE |
||